<?xml version="1.0" encoding="UTF-8"?><?xml-stylesheet type="text/xsl" href="static/style.xsl"?><OAI-PMH xmlns="http://www.openarchives.org/OAI/2.0/" xmlns:xsi="http://www.w3.org/2001/XMLSchema-instance" xsi:schemaLocation="http://www.openarchives.org/OAI/2.0/ http://www.openarchives.org/OAI/2.0/OAI-PMH.xsd"><responseDate>2026-04-13T05:50:20Z</responseDate><request verb="GetRecord" identifier="oai:www.recercat.cat:2117/355899" metadataPrefix="marc">https://recercat.cat/oai/request</request><GetRecord><record><header><identifier>oai:recercat.cat:2117/355899</identifier><datestamp>2026-01-28T02:22:11Z</datestamp><setSpec>com_2072_1033</setSpec><setSpec>col_2072_452950</setSpec></header><metadata><record xmlns="http://www.loc.gov/MARC21/slim" xmlns:dcterms="http://purl.org/dc/terms/" xmlns:xsi="http://www.w3.org/2001/XMLSchema-instance" xmlns:doc="http://www.lyncode.com/xoai" xsi:schemaLocation="http://www.loc.gov/MARC21/slim http://www.loc.gov/standards/marcxml/schema/MARC21slim.xsd">
   <leader>00925njm 22002777a 4500</leader>
   <datafield ind2=" " ind1=" " tag="042">
      <subfield code="a">dc</subfield>
   </datafield>
   <datafield ind2=" " ind1=" " tag="720">
      <subfield code="a">Martínez Gomariz, Eduardo</subfield>
      <subfield code="e">author</subfield>
   </datafield>
   <datafield ind2=" " ind1=" " tag="720">
      <subfield code="a">Guerrero Hidalga, María</subfield>
      <subfield code="e">author</subfield>
   </datafield>
   <datafield ind2=" " ind1=" " tag="720">
      <subfield code="a">Forero Ortiz, Edwar Andres</subfield>
      <subfield code="e">author</subfield>
   </datafield>
   <datafield ind2=" " ind1=" " tag="720">
      <subfield code="a">Gonzalez Blanco, Susana</subfield>
      <subfield code="e">author</subfield>
   </datafield>
   <datafield ind2=" " ind1=" " tag="260">
      <subfield code="c">2021-09</subfield>
   </datafield>
   <datafield ind2=" " ind1=" " tag="520">
      <subfield code="a">Once a wastewater treatment plant (WWTP) exceeds its capacity, it is necessary to discharge a proportion of the flow to watercourses through combined sewer overflow (CSO) structures. In coastal urban areas, CSO spills may occur in seawaters. The present study analyses the effects of these spills into urban coastal bathing areas, through a qualitative survey-based analysis in Badalona and Barcelona, focusing on stakeholders' reputation and image involved in the sewer system and beaches management (i.e. intangible damages) and the consequences for the economy (i.e. tangible damages). The direct relation between CSO spills and impacts on restaurants’ revenues is not observed since business owners in Badalona and Barcelona do not perceive any economic impact due to these events. Their main concern is the municipality’s image, which might affect the citizens’ view of the management of the responsible agents and indirectly, the tourist sector, especially in Barcelona. Residents perception in this matter is remarkably different in both cities. In Badalona, residents know the problem and even the body responsible for setting the red flag and the beaches closure (i.e. the municipality). In Barcelona, though, residents are quite confused about this. The complexity in terms of competencies in sewer systems management requires a better communication campaign for the citizens to avoid misunderstandings and unnecessary loss of trust in the City Council. Decision-makers and stakeholders should be interested in understanding the perception of affected users upon these events to take appropriate measures to enhance awareness programs or measures to reduce overflows.</subfield>
   </datafield>
   <datafield ind2=" " ind1=" " tag="520">
      <subfield code="a">This work has been conducted with the financial support of the European Commission under its H2020 funding programme. Particularly, the projects RESCCUE Grant Agreement No. 700174 and BINGO (Grant Agreement No. 641739).</subfield>
   </datafield>
   <datafield ind2=" " ind1=" " tag="520">
      <subfield code="a">Peer Reviewed</subfield>
   </datafield>
   <datafield ind2=" " ind1=" " tag="520">
      <subfield code="a">Postprint (published version)</subfield>
   </datafield>
   <datafield tag="653" ind2=" " ind1=" ">
      <subfield code="a">Àrees temàtiques de la UPC::Enginyeria civil::Enginyeria hidràulica, marítima i sanitària::Enginyeria sanitària</subfield>
   </datafield>
   <datafield tag="653" ind2=" " ind1=" ">
      <subfield code="a">Sewerage--Spain</subfield>
   </datafield>
   <datafield tag="653" ind2=" " ind1=" ">
      <subfield code="a">Drainage system</subfield>
   </datafield>
   <datafield tag="653" ind2=" " ind1=" ">
      <subfield code="a">Combined sewer overflows</subfield>
   </datafield>
   <datafield tag="653" ind2=" " ind1=" ">
      <subfield code="a">Indirect damages</subfield>
   </datafield>
   <datafield tag="653" ind2=" " ind1=" ">
      <subfield code="a">Coastal pollution</subfield>
   </datafield>
   <datafield tag="653" ind2=" " ind1=" ">
      <subfield code="a">Citizens</subfield>
   </datafield>
   <datafield tag="653" ind2=" " ind1=" ">
      <subfield code="a">Intangible damages</subfield>
   </datafield>
   <datafield tag="653" ind2=" " ind1=" ">
      <subfield code="a">Clavegueram -- Catalunya -- Barcelona</subfield>
   </datafield>
   <datafield ind2="0" ind1="0" tag="245">
      <subfield code="a">Citizens' perception of combined sewer overflow spills into bathing coastal areas</subfield>
   </datafield>
</record></metadata></record></GetRecord></OAI-PMH>